000 00616nam a2200181 i 4500
001 40966
003 ES-MaACL
005 20230906160340.0
007 t|
008 030307s1943 ag ||||1| spa d
100 1 _aCarlson, R.
_935312
245 1 0 _aYo nací así /
_cEarl R. Carlson ; [versión castellana del inglés, por Marisa Luisiardo y Elsa Trinkle ; carátula de Sánchez].
260 _aBuenos Aires :
_bEdit. Médico-quirúrgica,
_c[1943] (
_fD. Junior)
300 _a214 p. ;
_c21 cm.
700 1 _aLuisiardo, Marisa.
_974705
700 1 _aTrinkle, Elsa.
_9111451
852 _aES-MaACL
_jB-10780
_bR.22066
999 _c40966
_d40966